Applications of biotechnology in cardiovascular therapeutics

Main Author: Jain, Kewal K
Subjects:
Online Access: http://library.unisel.edu.my/web/guest/mylibrary
LEADER 00916cam a2200241 7i4500
001 0000059277
005 20210726090000.0
020 |a 9781617792403 (electronic book)  
090 0 0 |a RC671   |b .J79 2011 
100 1 |a Jain, Kewal K  
245 1 0 |a Applications of biotechnology in cardiovascular therapeutics   |c Kewal K. Jain. 
264 |a New York, NY:   |b Humana Press,   |c 2011. 
300 |a 1 online resource (350 pages):   |b text file, PDF. 
336 |a text  |2 rdacontent 
337 |a computer  |2 rdamedia 
338 |a online resource  |2 rdacarrier 
650 0 |a Cardiovascular system --   |x Diseases --   |x Treatment  
650 0 |a Biomedical engineering  
655 0 |a Electronic books 
856 4 2 |u http://library.unisel.edu.my/web/guest/mylibrary 
997 |a Engineering & Life Sciences, Faculty  |b Science & Biotechnology, Department 
998 |a Bioinformatics, Degree 
999 |a EBO0005628  |b EBOOK  |c EBOOK  |e Electronic resources